The Life and Times of Edvard II (ბიბ.ჩანაწერი № 46689)
[ მარტივი ფორმატი ]
| 000 -LEADER | |
|---|---|
| fixed length control field | 00363nam a2200145Ia 4500 |
| 001 - CONTROL NUMBER | |
| control field | 13530 |
| 003 - CONTROL NUMBER IDENTIFIER | |
| control field | GE_BSU |
| 008 - FIXED-LENGTH DATA ELEMENTS--GENERAL INFORMATION | |
| fixed length control field | 181216s||||||||xx |||||||||||||| ||und|| |
| 040 ## - CATALOGING SOURCE | |
| Transcribing agency | GE_BSU |
| 100 ## - MAIN ENTRY--PERSONAL NAME | |
| Personal name | Bingham,Karoline |
| 245 #4 - TITLE STATEMENT | |
| Title | The Life and Times of Edvard II |
| 245 ## - TITLE STATEMENT | |
| Statement of responsibility, etc. | Introduction by Antonia Fraser |
| 653 ## - INDEX TERM--UNCONTROLLED | |
| Uncontrolled term | The Life and Times of George V. |
| 942 ## - ADDED ENTRY ELEMENTS (KOHA) | |
| Koha item type | წიგნი |
არაა ხელმისაწვდომი ეგზემპლარები.
